Statistics for WW1 Or WW2?

Click here to take the quiz!

General Stats

  • This quiz has been taken 530 times
  • The average score is 10 of 10

Answer Stats

QuestionAnswer% Correct
Fall Of France - June 22, 1940WW2
100%
D-Day - Invasion Of Normandy - June 6, 1944WW2
99%
October Revolutions - Bolshevist Uprisings In The Russian Empire Oct 1917WW1
99%
Battle Of Jutland - June 1, 1916WW1
99%
Remembrance Day - Nov 11, 1918WW1
99%
Operation Barbarossa / German Invasion Of The Soviet Union - June 22, 1941WW2
98%
Manhattan Project 1942-1946WW2
98%
V-E Day - May 8, 1945WW2
98%
Assassination Of Archduke Franz Ferdinand - June 28, 1914WW1
97%
Germany Loses Their African ColoniesWW1
81%

Score Distribution

Percentile by Number Answered

Percent of People with Each Score

Your Score History

You have not taken this quiz